000 nam a22 7a 4500
999 _c8726
_d8726
008 180119b ||||| |||| 00| 0 eng d
100 _aGoel.A.etal.
_95079
245 _aTogether with Science
260 _aNew Delhi
_bPrachi
_c2009